| 000 | 01271nam a22002657a 4500 | ||
|---|---|---|---|
| 005 | 20091218143956.0 | ||
| 008 | 091209t xxu||||| |||| 00| 0 hin d | ||
| 010 | _aHIN-88821 | ||
| 020 |
_c250.00 _a9789350000663 |
||
| 035 | _aHN-61167 | ||
| 037 | _bDBAD / PUB | ||
| 040 |
_aDPL _bHN |
||
| 082 | _a821 | ||
| 100 |
_aतिवारी, रामानुज _97887 |
||
| 245 |
_aस्वतन्त्रता संग्राम का प्रथम पुष्पः मंगल / _cरामानुज तिवारी |
||
| 246 |
_aSwtantrata sangram ka pratham pushp: Mangal _bby Ramanuj Tiwari |
||
| 260 |
_aनई दिल्ली _bवाणी प्रकाशन _c2009 |
||
| 270 |
_a4695, 21-ए, दरियागंज _bनई दिल्ली _e110002 |
||
| 300 |
_a159पृ _c18सेमी (सजिल्द) |
||
| 650 |
_aहिन्दी कविता _9697 |
||
| 650 |
_aHindi poetry _9698 |
||
| 651 |
_aभारत _xइतिहास _97888 |
||
| 942 |
_2ddc _cHN _h821 _mतिवारी |
||
| 999 |
_c33222 _d33222 |
||